Normal view
MARC view
- Workshop [on] Comparing Urban Landscapes,
Entry Meeting Name
001 - CONTROL NUMBER
- control field: 24351
003 - CONTROL NUMBER IDENTIFIER
- control field: NUST
005 - DATE AND TIME OF LATEST TRANSACTION
- control field: 20191018103520.0
008 - FIXED-LENGTH DATA ELEMENTS
- fixed length control field: 191018|| aca||aabn | a|a d
040 ## - CATALOGING SOURCE
- Original cataloging agency: NUST
- Transcribing agency: NUST
111 ## - HEADING--MEETING NAME
- Meeting name or jurisdiction name as entry element: Workshop [on] Comparing Urban Landscapes,
- Date of meeting: (2004 :
- Location of meeting: Lahore, Pakistan)
670 ## - SOURCE DATA FOUND
- Source citation: Work cat.: (NUST): Comparing cities :, 2009.
